Glee Trivia - Statistics

General Stats
  • This quiz has been taken 594 times
  • The average score is 10 of 15
Answer Stats
Hint Answer % Correct
What season do the new directions win the nationals? 3
88%
Name of the Mckinley cheerleading team Cheerios
85%
Who is the surrogate for Kurt and Blaine's child? Rachel
85%
Name of the actor that plays Finn Cory Monteith
81%
Name of the guidance counsellor Emma Pillsbury
73%
Last name of the principal Figgins
73%
Name of Quinn and Puck's daughter Beth
71%
Quinn's first name is not Quinn, her middle name is Quinn, what is her first name? Lucy
71%
Name of the first episode of Glee Pilot
70%
What problem does Kurt's dad have in season 2, episode 3 ("grilled cheesus") Heart Attack
63%
Former bully that attempts suicide Dave Karofsky
62%
Who does Rachel get engaged to? Finn Hudson
61%
Name of Brittany's cat Lord Tubbington
61%
Drink often thrown in the faces of glee club members Slushies
53%
Director of Glee Ryan Murphy
48%
No matching quizzes found
Score Distribution
Percent of People with Each Score
Percentile by Number Answered
Your Score History
You have not taken this quiz